Diccionario del guión audiovisual: estudio, análisis y métodos para conocer el audiovisual en profundidad
Gespeichert in:
| Hauptverfasser: | , |
|---|---|
| Format: | Buch |
| Sprache: | Spanisch |
| Veröffentlicht: |
Barcelona
Océano
2002
|
| Schlagworte: | |
| Tags: |
Tag hinzufügen
Keine Tags, Fügen Sie den ersten Tag hinzu!
|
MARC
| LEADER | 00000nam a2200000 a 4500 | ||
|---|---|---|---|
| 001 | UCL9639 | ||
| 003 | CL-VaPUC | ||
| 008 | 040820e20020000SP |||||||||||||||||spa|d | ||
| 020 | |a 8475562639 | ||
| 082 | 0 | 4 | |a 791.4303 |b RAM |2 21 |
| 100 | 0 | |a Ramos, Jesús |e author |9 487523 | |
| 700 | 0 | |a Marimón, Joan |e author |9 487524 | |
| 245 | 1 | 0 | |a Diccionario del guión audiovisual: estudio, análisis y métodos para conocer el audiovisual en profundidad |
| 300 | |a 676 p | ||
| 942 | |c BK | ||
| 945 | |d 20040820 00:00:00 |a cmena | ||
| 260 | |a Barcelona |b Océano |c 2002 | ||
| 650 | 0 | |a Guiones cinematográficos |9 266811 | |
| 650 | 0 | |a Artes visuales |9 336870 | |
| 650 | 0 | |a Diccionarios |9 256200 | |
| 650 | 0 | |a Glosarios |9 261047 | |
| 583 | |a last modification |c 20040820 00:00:00 |k Rodrigo Vera | ||
| 999 | |c 310356 |d 310354 | ||
| 952 | |0 0 |1 0 |4 0 |6 791_430300000000000_RAM_2002 |7 0 |8 X |9 378686 |a BIBCUR |b BIBCUR |d 2019-11-21 |i 4049071 |o 791.4303 RAM 2002 |p 4049071 |r 2025-04-22 |w 2019-11-21 |y BK_X |k PER | ||